<?xml version="1.0" encoding="UTF-8"?>
<collection xmlns="http://www.loc.gov/MARC21/slim">
 <record>
  <leader>01649nam a2200313 a 4500</leader>
  <controlfield tag="001">0017250</controlfield>
  <controlfield tag="003">BD-DhAAL</controlfield>
  <controlfield tag="008">091224s1979    njua     b    001 0 eng d</controlfield>
  <datafield tag="010" ind1=" " ind2=" ">
   <subfield code="a">\\\78025785 </subfield>
  </datafield>
  <datafield tag="020" ind1=" " ind2=" ">
   <subfield code="a">0138158606 :</subfield>
   <subfield code="c">$13.95</subfield>
  </datafield>
  <datafield tag="040" ind1=" " ind2=" ">
   <subfield code="a">DLC</subfield>
   <subfield code="c">DLC</subfield>
   <subfield code="d">DLC</subfield>
   <subfield code="d">BD-DhAAL</subfield>
  </datafield>
  <datafield tag="082" ind1="0" ind2="0">
   <subfield code="a">301.44</subfield>
   <subfield code="2">19</subfield>
  </datafield>
  <datafield tag="100" ind1="1" ind2=" ">
   <subfield code="a">Kriesberg, Louis.</subfield>
   <subfield code="9">57764</subfield>
  </datafield>
  <datafield tag="245" ind1="1" ind2="0">
   <subfield code="a">Social inequality /</subfield>
   <subfield code="c">Louis Kriesberg.</subfield>
  </datafield>
  <datafield tag="260" ind1=" " ind2=" ">
   <subfield code="a">Englewood Cliffs, N.J. :</subfield>
   <subfield code="b">Prentice-Hall,</subfield>
   <subfield code="c">c1979.</subfield>
  </datafield>
  <datafield tag="300" ind1=" " ind2=" ">
   <subfield code="a">xi, 452 p. :</subfield>
   <subfield code="b">ill. ;</subfield>
   <subfield code="c">24 cm</subfield>
  </datafield>
  <datafield tag="504" ind1=" " ind2=" ">
   <subfield code="a">Includes bibliographical references and index.</subfield>
  </datafield>
  <datafield tag="526" ind1=" " ind2=" ">
   <subfield code="a">ESS</subfield>
   <subfield code="x">Kamrul Hasan
Lecturer
Department of Economics and Social Science

Course Name : Stratification, Inequality and Power (SOC 201).</subfield>
  </datafield>
  <datafield tag="541" ind1="1" ind2=" ">
   <subfield code="e">17250, 17251</subfield>
   <subfield code="a">Essence Science Publications</subfield>
  </datafield>
  <datafield tag="650" ind1=" " ind2="0">
   <subfield code="a">Equality.</subfield>
  </datafield>
  <datafield tag="650" ind1=" " ind2="0">
   <subfield code="a">Social classes.</subfield>
  </datafield>
  <datafield tag="650" ind1=" " ind2="0">
   <subfield code="a">Social status.</subfield>
  </datafield>
  <datafield tag="650" ind1=" " ind2="0">
   <subfield code="a">Social values.</subfield>
  </datafield>
  <datafield tag="650" ind1=" " ind2="0">
   <subfield code="a">Power (Social sciences)</subfield>
  </datafield>
  <datafield tag="852" ind1="4" ind2=" ">
   <subfield code="a">Ayesha Abed Library</subfield>
   <subfield code="c">General Stacks</subfield>
  </datafield>
  <datafield tag="942" ind1=" " ind2=" ">
   <subfield code="2">ddc</subfield>
   <subfield code="c">BK</subfield>
  </datafield>
  <datafield tag="999" ind1=" " ind2=" ">
   <subfield code="c">6403</subfield>
   <subfield code="d">6403</subfield>
  </datafield>
  <datafield tag="952" ind1=" " ind2=" ">
   <subfield code="0">0</subfield>
   <subfield code="1">0</subfield>
   <subfield code="2">ddc</subfield>
   <subfield code="4">0</subfield>
   <subfield code="6">301_440000000000000_KRI_1979</subfield>
   <subfield code="7">0</subfield>
   <subfield code="9">6464</subfield>
   <subfield code="a">BRACUL</subfield>
   <subfield code="b">BRACUL</subfield>
   <subfield code="c">GEN</subfield>
   <subfield code="d">2009-12-24</subfield>
   <subfield code="e">Essence Science Publications</subfield>
   <subfield code="g">5000.00</subfield>
   <subfield code="l">3</subfield>
   <subfield code="m">72</subfield>
   <subfield code="o">301.44 KRI</subfield>
   <subfield code="p">3010017250</subfield>
   <subfield code="r">2022-06-21</subfield>
   <subfield code="s">2020-03-15</subfield>
   <subfield code="t">1</subfield>
   <subfield code="w">2009-12-24</subfield>
   <subfield code="y">BK</subfield>
   <subfield code="x">Requisitioned by Kamrul Hasan (Lecturer) for the course named - &quot;Stratification, Inequality and Power&quot; (SOC 201).</subfield>
  </datafield>
  <datafield tag="952" ind1=" " ind2=" ">
   <subfield code="0">0</subfield>
   <subfield code="1">0</subfield>
   <subfield code="2">ddc</subfield>
   <subfield code="4">0</subfield>
   <subfield code="6">301_440000000000000_KRI_1979</subfield>
   <subfield code="7">0</subfield>
   <subfield code="9">6465</subfield>
   <subfield code="a">BRACUL</subfield>
   <subfield code="b">BRACUL</subfield>
   <subfield code="c">GEN</subfield>
   <subfield code="d">2009-12-24</subfield>
   <subfield code="e">Essence Science Publications</subfield>
   <subfield code="g">5000.00</subfield>
   <subfield code="l">5</subfield>
   <subfield code="m">28</subfield>
   <subfield code="o">301.44 KRI</subfield>
   <subfield code="p">3010017251</subfield>
   <subfield code="r">2026-03-02</subfield>
   <subfield code="s">2025-12-28</subfield>
   <subfield code="t">2</subfield>
   <subfield code="w">2009-12-24</subfield>
   <subfield code="y">BK</subfield>
   <subfield code="x">Requisitioned by Kamrul Hasan (Lecturer) for the course named - &quot;Stratification, Inequality and Power&quot; (SOC 201).</subfield>
  </datafield>
 </record>
</collection>
